| 000 | 00730nam a2200217Ia 4500 | ||
|---|---|---|---|
| 001 | 14896 | ||
| 003 | GE_BSU | ||
| 008 | 181216s||||||||xx |||||||||||||| ||und|| | ||
| 040 | _cGE_BSU | ||
| 080 | _a517.977.1+519.6 | ||
| 100 | _aБенерджи,Р. | ||
| 245 | _aТеория решения задач подход к созданию искусственного интеллекта | ||
| 245 | _cРед.Ю.В.Буркин | ||
| 260 | _aМосква | ||
| 260 | _bМир | ||
| 260 | _c1972 | ||
| 300 | _a224стр.22см. | ||
| 300 | _eБиблиогр. стр.219-221 | ||
| 653 | _aТеория решения задач подход к созданию искусственного интеллекта | ||
| 942 | _cBK | ||
| 999 |
_c48016 _d48016 |
||